00199nam a2200073 4500082001200000245005400012260005200066300000700118 a660 QUA aQuality Management and Quality Assuarance Systems aSri Lanka bSri Lanka Standerds Institutec1994 a18